Elements of physics (Record no. 164429)

MARC details
000 -LEADER
fixed length control field 00716cam a2200241 4500
008 - FIXED-LENGTH DATA ELEMENTS--GENERAL INFORMATION
fixed length control field
020 ## - INTERNATIONAL STANDARD BOOK NUMBER
International Standard Book Number 0070586314 (pbk.)
049 ## - LOCAL HOLDINGS (OCLC)
Holding library MAIN
090 ## - LOCALLY ASSIGNED LC-TYPE CALL NUMBER (OCLC); LOCAL CALL NUMBER (RLIN)
Classification number (OCLC) (R) ; Classification number, CALL (RLIN) (NR) QC21.2
003 - CONTROL NUMBER IDENTIFIER
control field
005 - DATE AND TIME OF LATEST TRANSACTION
control field 20230123134343.0
040 ## - CATALOGING SOURCE
Transcribing agency NUST
100 1# - MAIN ENTRY--PERSONAL NAME
Personal name Smith, Alpheus W.
245 10 - TITLE STATEMENT
Title Elements of physics
Statement of responsibility, etc. [by] Alpheus W. Smith and John N. Cooper.
250 ## - EDITION STATEMENT
Edition statement 8th ed.
260 ## - PUBLICATION, DISTRIBUTION, ETC.
Place of publication, distribution, etc. New York,
Name of publisher, distributor, etc. McGraw-Hill
Date of publication, distribution, etc. [1972]
300 ## - PHYSICAL DESCRIPTION
Extent viii, 676 p.
Other physical details illus.
Dimensions 24 cm.
500 ## - GENERAL NOTE
General note First published under title: The elements of applied physics.
650 #0 - SUBJECT ADDED ENTRY--TOPICAL TERM
Topical term or geographic name entry element Physics.
700 1# - ADDED ENTRY--PERSONAL NAME
Personal name Cooper, John N.,
Relator term joint author.
907 ## - LOCAL DATA ELEMENT G, LDG (RLIN)
a .b10028675
b 26-01-07
c 17-04-03
942 ## - ADDED ENTRY ELEMENTS (KOHA)
Koha item type Ordinary Loan Books
Call number prefix QC21.2
Holdings
Date last seen Total Checkouts Full call number Barcode Cost, replacement price Price effective from Koha item type Lost status Source of classification or shelving scheme Damaged status Not for loan Collection Withdrawn status Home library Current library Shelving location Date acquired Cost, normal purchase price
01/23/2023 26 QC21.2 SMI 92003014286 80.00 01/23/2023 BOOKS   LCC     NFIC   MAIN MAIN GEN 01/23/2023 80.00